Nueva Reforma Tributaria Ley 2155 de 14 de septiembre de 2021 - Ley de Inversin̤ Social /

Detalles Bibliográficos
Autor principal: Varn̤ Garca̕, Leonardo
Otros Autores: Dussan Salazar, William, Araque Cr̀denas, Jos ̌Hilario, Araque Durǹ, Juan Diego, Zambrano Sǹchez, Juliǹ Alberto, Lee Yara, Yhony Alberto, Rodriguez Vasquez, Carlos Giovanni, Esmeral Flr̤ez, Eury Catalina
Formato: eBook
Lenguaje:español
Publicado: Bogot:̀ Grupo Editorial Nueva Legislacin̤, 2022
Materias:
Acceso en línea:Acceso restringido

MARC

LEADER 00000nam a22000007a 4500
005 20220712222718.0
007 cr|||| ||||
008 220712s2022 co |||||s|||| 00||0 spa d
020 |a 978-958-53248-9-3 
035 |a 36701 
040 |a vLex 
090 |c 13548  |d 13548 
100 1 |a Varn̤ Garca̕, Leonardo 
245 1 0 |a Nueva Reforma Tributaria  |h [Recurso electrn̤ico] :  |b Ley 2155 de 14 de septiembre de 2021 - Ley de Inversin̤ Social /  |c Leonardo Varn̤ Garca̕, William Dussan Salazar, Jos ̌Hilario Araque Cr̀denas, Juan Diego Araque Durǹ, Juliǹ Alberto Zambrano Sǹchez, Yhony Alberto Lee Yara, Carlos Giovanni Rodriguez Vasquez, Eury Catalina Esmeral Flr̤ez 
256 |a Servicio en ln̕ea 
260 |a Bogot:̀  |b Grupo Editorial Nueva Legislacin̤,  |c 2022 
300 |a 1 recurso electrn̤ico 
500 |a Un distinguido equipo de profesionales, especializados en las diferentes disciplinas del espectro fiscal del pas̕, nos hacen entrega de un Libro sobre la Ley 2155 de 2021, denominada “Ley de Inversin̤ Social”, recientemente aprobada por el Congreso de la Repb︢lica. A travš de comparaciones, anl̀isis y comentarios explicativos, nos hacen entrega de su experiencia y conocimiento, atesorados en su exitoso desempeǫ profesional, desglosando uno a uno los artc̕ulos de la ley, no solamente los del m̀bito tributario, sino tambiň los de inversin̤ social, austeridad fiscal, regla fiscal, de tal manera que el lector dispone de una herramienta exquisitamente diseąda, que le permite apreciar la reforma en todo su contexto: motivaciones, efectos, contradicciones, incoherencias, recomendaciones, as ̕como doctrina y jurisprudencia de los Altos Tribunales; todo ello debidamente armonizado con la normativa contable y con ejemplos de las implicaciones que las normas expedidas tienen en la generacin̤ de las utilidades de las empresas. 
506 1 |a Disponible solo en los productos indicados  |d vLex Global  |d vLex Global (Academic Edition, excluding Law Schools)  |d vLex Global (U.S. Academic Edition, Law Schools)  |d vLex Global (U.S. Academic Edition, excluding Law Schools)  |d vLex Global (Academic Edition, Law Schools) 
650 0 4 |a Derecho Tributario  |z Colombia 
700 1 |a Dussan Salazar, William 
700 1 |a Araque Cr̀denas, Jos ̌Hilario 
700 1 |a Araque Durǹ, Juan Diego 
700 1 |a Zambrano Sǹchez, Juliǹ Alberto 
700 1 |a Lee Yara, Yhony Alberto 
700 1 |a Rodriguez Vasquez, Carlos Giovanni 
700 1 |a Esmeral Flr̤ez, Eury Catalina 
740 0 |a vLex Libros (Servicio en ln̕ea) 
856 4 0 |u https://app.vlex.com/#/sources/36701  |z Acceso restringido 
942 |c BOOK 
999 0 |a Tax Law